| 000 | 004690000a22001810004500 | ||
|---|---|---|---|
| 020 | _a84-7228-183-3 | ||
| 041 | 0 | _aSPA | |
| 082 | 0 | 4 | _aG 265.8 V695e |
| 100 | 1 | _aVila, D. David | |
| 245 | 1 | 0 | _aEl enigma del dolor humano / D. David Vila |
| 260 | _aBarcelona, España., : Literatura Evangélica | ||
| 300 | _a64 Pag | ||
| 001 | 7189 | ||
| 942 | _cBK | ||
| 999 |
_c37413 _d37413 |
||
| 336 |
_atexto _btxt _2rdacontent |
||
| 337 |
_2rdamedia _asin mediación _bn |
||
| 338 |
_2rdacarrier _avolumen _bnc |
||